Statistics for NBA MVP Voting Contenders By Year

Click here to take the quiz!

General Stats

  • This quiz has been taken 308 times
    (208 since last reset)
  • The average score is 39 of 47

Answer Stats

Answer% Correct
G. Antetokounmpo
100%
Joel Embiid
100%
Nikola Jokic
100%
Stephen Curry
100%
Jayson Tatum
99%
LeBron James
99%
Luka Doncic
99%
Devin Booker
98%
James Harden
98%
Kevin Durant
98%
Chris Paul
97%
Donovan Mitchell
97%
Jimmy Butler
97%
Kawhi Leonard
97%
Russell Westbrook
97%
Damian Lillard
96%
Ja Morant
96%
S. Gilgeous-Alexander
96%
Anthony Davis
95%
Domantas Sabonis
95%
DeMar DeRozan
94%
Paul George
93%
De'Aaron Fox
92%
Julius Randle
89%
Klay Thompson
89%
Draymond Green
87%
Jalen Brunson
86%
Rudy Gobert
86%
Blake Griffin
85%
Pascal Siakam
85%
Tim Duncan
85%
Derrick Rose
79%
Tony Parker
78%
Dirk Nowitzki
77%
Kyle Lowry
77%
John Wall
75%
Ben Simmons
74%
Marc Gasol
74%
Carmelo Anthony
71%
Isaiah Thomas
69%
Joakim Noah
66%
LaMarcus Aldridge
66%
Kevin Love
51%
Mike Conley
50%
Victor Oladipo
41%
Al Jefferson
23%
Goran Dragic
17%

Score Distribution

Percentile by Number Answered

Percent of People with Each Score

Your Score History

You have not taken this quiz since the last reset